01015nam a2200229 a 450000100100000000500170001000800410002704000250006808200150009310000400010824500860014826000690023430000210030349000180032450000700034250000730041250400320048583000250051795201130054295201130065599900170076800004597320201002052544.0150605s2009 dr 000 0 spa d aDO-SdBNPbspacBNPHU axxxxbxxxx1 aGuzmán Saladín, Fabio J.97404514aLas cláusulas abusivas en el derecho de consumo /cFabio J. Guzmán Saladín. aSanto Domingo :bEdiciones jurídicas Trajano Potentini,c2009. a130 p. ;c23 cm.1 aMonografías aIncluye datos biográficos del autor en la solapa de la cubierta aIncluye referencias bibliográficas y notas al pie de las páginas aBibliografía : p. 123-130 0aMonografías915334 0010718PDaPDbPDcCTd2015-06-05iLF1l0oxxxx xxxxp45973-10r2020-06-25w2020-06-25yLFPDZNo se presta 0010718PDaPDbPDcHDd2015-06-05iLF1l0oxxxx xxxxp45974-10r2020-06-25w2020-06-25yLFPDZNo se presta c45462d45462